Anorganická chémia

Salvato in:
Dettagli Bibliografici
Autori principali: Šima, Jozef, 1948- (Autore), Koman, Marian, 1953- (Autore), Kotočová, Adela, 1948- (Autore), Segľa, Peter, 1956- (Autore), Tatarko, Miroslav (Autore), Valigura, Dušan, 1948- (Autore)
Natura: Libro
Lingua:slovacco
Pubblicazione: V Bratislave Slovenská technická univerzita 2009
Edizione:1. preprac. vyd.
Serie:Edícia vysokoškolských učebníc
Soggetti:
Accesso online:Visualizza in OPAC
Tags: Aggiungi Tag
Nessun Tag, puoi essere il primo ad aggiungerne!!

MARC

LEADER 00000cam a2200000 a 4500
005 20260127134318.0
008 160208s2009 xo dl d p 001 0 slo
020 |a 9788022730877 (brož.) 
035 |a vtls009934656 
035 |a 0E0DDF6D-8522-4614-8BDA-14C1FC04DA81 
035 |a urn:nbn:sk:snk-amk8vw 
035 |a urn:nbn:sk:snk-am008axf 
039 9 |a 202005211016  |b AUTHORITY  |c 202005210934  |d AUTHORITY  |c 201905290943  |d AUTHORITY  |c 201604151037  |d AUTHORITY  |y 200907301001  |z mschk03 
040 |a STUSCHK1  |b slo  |c STUSCHK1  |d SNK  |e AACR2 
041 |a slo 
044 |a xo 
072 7 |a 546  |x Anorganická chémia  |2 konspekt 
080 |a 546  |2 2001 
080 |a (075.8)  |2 2001 
245 0 0 |a Anorganická chémia  |c Jozef Šima... [et al.] 
250 |a 1. preprac. vyd. 
260 |a V Bratislave  |b Slovenská technická univerzita  |c 2009 
300 |a 480 s.  |b grafy, sch., tab.  |c 25 cm 
366 |e 600 výt. 
490 1 |a Edícia vysokoškolských učebníc 
504 |a Reg. Bibliogr. odkazy 
650 0 7 |a anorganická chémia  |2 SNKPH 
655 7 |a učebnice vysokých škôl  |2 SNKPH 
700 1 |a Šima, Jozef,  |d 1948-  |4 aut  |9 748 
700 1 |a Koman, Marian,  |d 1953-  |4 aut  |9 347 
700 1 |a Kotočová, Adela,  |d 1948-  |4 aut  |9 287 
700 1 |a Segľa, Peter,  |d 1956-  |4 aut  |9 374 
700 1 |a Tatarko, Miroslav  |4 aut 
700 1 |a Valigura, Dušan,  |d 1948-  |4 aut  |9 166 
810 2 |a Slovenská technická univerzita (Bratislava, Slovensko).  |t Edícia vysokoškolských učebníc 
830 0 |a Edícia vysokoškolských učebníc 
919 |a 978-80-227-3087-7 
958 |a OND 
958 |a NB 
968 |d 53+54 
980 |a 546  |x (075.8)  |2 2001 
999 |c 9498  |d 9498 
942 0 0 |0 75